000
00316nam a22001457a 4500
003
SGT
082
_a
342.850954,CHA
100
_a
CHAUDHARY,A.S
245
_a
LAW OF WRITS
250
_a
5TH
260
_a
KOTHI
_b
LAW PUBLICATION
_c
2005
300
_a
1658
650
_a
JURISDICTION AND ITS EFFICACY
942
_2
ddc
_c
BK
999
_c
9654
_d
9654